Pháp luật Việt Nam.

में बचाया:
ग्रंथसूची विवरण
स्वरूप: सामयिक पत्रिका
प्रकाशित: Hà Nội : Cơ quan bộ tư pháp.
विषय:
टैग : टैग जोड़ें
कोई टैग नहीं, इस रिकॉर्ड को टैग करने वाले पहले व्यक्ति बनें!
Thư viện lưu trữ: Mạng thư viện Đại học Đà Nẵng
LEADER 00760cas a2200313 a 4500
001 000043277
003 1218
005 20130828162334.0
008 010217b vm 000
040 |a IRC  |c IRC  |d IRC 
041 0 |a vie. 
082 1 4 |a 340  |b Ph-L 
245 0 0 |a Pháp luật Việt Nam. 
247 0 0 |a Doanh nhân và pháp luật. 
260 |a Hà Nội :  |b Cơ quan bộ tư pháp. 
300 |c 28 cm. 
310 |a 1 tháng 4 kỳ. 
650 0 4 |a Pháp luật  |v Tạp chí. 
653 |a Doanh nhân. 
653 |a Pháp luật. 
OWN |a DUT 
999 |a From the UDN01 
TYP |a Printed language 
980 |a Mạng thư viện Đại học Đà Nẵng